Clinical management of Alzheimer's disease /

Bibliographic Details
Corporate Author: Geriatric Research Education Clinical Center (Bedford, Mass.)
Other Authors: Volicer, Ladislav
Format: Book
Language:English
Published: Rockville, Md. : Aspen Publishers, 1988.
Subjects:

MARC

Tag First Indicator Second Indicator Subfields
LEADER 00000cam a2200000 a 4500
001 in00000028908
005 20151007054735.0
008 870929s1988 mdu b 00100 eng c
010 |a  87027549  
020 |a 0871898993 
035 |a (OCoLC)16871780 
035 |9 AAB6089AM 
040 |a DNLM/DLC  |c DLC  |d TXA  |d UtOrBLW 
049 |a TXAM  |c [A11060670] 
050 0 0 |a RC523  |b .C57 1988 
060 0 |a WM 200 C6415 
082 0 |a 618.97/683  |2 19 
245 0 0 |a Clinical management of Alzheimer's disease /  |c edited by Ladislav Volicer [and others]. 
264 1 |a Rockville, Md. :  |b Aspen Publishers,  |c 1988. 
300 |a xvi, 252 pages ;  |c 27 cm. 
336 |a text  |b txt  |2 rdacontent 
337 |a unmediated  |b n  |2 rdamedia 
338 |a volume  |b nc  |2 rdacarrier 
500 |a "Geriatric Research Education Clinical Center, Edith Nourse Rogers Memorial Veterans Hospital, Bedford, Massachusetts." 
500 |a "An Aspen publication." 
504 |a Includes bibliographies and index. 
650 0 |a Alzheimer's disease  |x Patients  |x Care. 
650 0 |a Alzheimer's disease  |x Social aspects. 
700 1 |a Volicer, Ladislav. 
710 2 |a Geriatric Research Education Clinical Center (Bedford, Mass.) 
999 |a MARS 
999 f f |s c895918b-eb21-3b62-99f3-1efc99961d8f  |i 9ec5c424-80f7-3a56-91af-31e7f60a68fa  |t 0 
952 f f |p ric  |a Texas A&M University  |b Rellis Campus  |c Joint Library Facility  |d Remote Storage  |t 0  |e RC523 .C57 1988  |h Library of Congress classification  |i unmediated -- volume  |m A14811060670 
998 f f |a RC523 .C57 1988  |t 0  |l Remote Storage